Kingdom Hearts 1 Worlds - Statistics

General Stats
  • This quiz has been taken 810 times
  • The average score is 10 of 12
Answer Stats
Hint Answer % Correct
Traverse Town
90%
Wonderland
89%
Hollow Bastion
85%
Agrabah
82%
Destiny Islands
82%
Halloween Town
82%
Deep Jungle
80%
Neverland
80%
Monstro
79%
Atlantica
74%
End of the World
68%
Olympus Coliseum
65%
No matching quizzes found
Score Distribution
Percent of People with Each Score
Percentile by Number Answered
Your Score History
You have not taken this quiz